| 000 | 00452nam a22001697a 4500 | ||
|---|---|---|---|
| 003 | OSt | ||
| 005 | 20240723103657.0 | ||
| 008 | 240723b |||||||| |||| 00| 0 eng d | ||
| 020 | _a970761955696 | ||
| 040 |
_aMUST _cMUST |
||
| 082 | _a381 CAS 1997 | ||
| 100 |
_aEdited by Hanne Hartvig Larsen _918930 |
||
| 245 |
_aCases in Marketing _cedited by Hanne Hartvig Larsen |
||
| 300 |
_avi, 204p. _bill. _c23cm |
||
| 650 | _2Marketing | ||
| 942 |
_2ddc _cO_SHELF |
||
| 999 |
_c9262 _d9262 |
||